[Event "Titled Tue 1st Jul Early"]
[Site "chess.com INT"]
[Date "2025.07.01"]
[Round "4"]
[White "Lee, Qing Aun"]
[Black "Ishvi, Aggarwal"]
[Result "1/2-1/2"]
[WhiteTitle "FM"]
[BlackTitle "WCM"]
[WhiteElo "2280"]
[BlackElo "1954"]
[WhiteFideId "5804167"]
[BlackFideId "25728890"]
[EventDate "2025.07.01"]

1. d4 Nf6 2. Nc3 d5 3. Bf4 a6 4. e3 e6 5. h4 c5 6. g4 cxd4 7. exd4 Nc6 8. Bg2
Bb4 9. g5 Ne4 10. Ne2 h6 11. gxh6 gxh6 12. Qd3 e5 13. Bxe4 dxe4 14. Qxe4 f5 15.
Qe3 e4 16. O-O-O Bd7 17. f3 Qe7 18. d5 Ne5 19. Qd4 Bd6 20. fxe4 O-O-O 21. Rhf1
Rhf8 22. Bxh6 Ng4 23. Bg5 Qh7 24. exf5 Bxf5 25. Rd2 Rd7 26. Na4 Kb8 27. Nb6 Rdf7
28. Rfd1 Be5 29. Qb4 Nf2 30. Rf1 Ne4 31. Rdd1 Nxg5 32. hxg5 Bxc2 33. Rxf7 Rxf7
34. Rg1 Bb1 35. Kd2 Qc2+ 36. Ke1 Qe4 37. Qxe4 Bxe4 38. g6 Rg7 39. Nc3 Bxc3+ 40.
bxc3 Rxg6 41. Rxg6 Bxg6 42. Kd2 Kc7 43. Nc4 Bf7 44. Ne3 Kd6 45. c4 Kc5 46. Kc3
b5 47. cxb5 axb5 48. a3 Bxd5 49. Nxd5 Kxd5 50. Kb4 Kc6 51. Ka5 Kb7 52. Kxb5 Ka7
53. Ka5 Kb7 54. a4 Ka8 55. Kb5 Ka7 56. Ka5 Ka8 57. Kb5 Ka7 58. a5 Ka8 59. a6 Ka7
60. Ka5 Ka8 61. Kb5 Ka7 62. Ka5 Ka8 63. Kb6 Kb8 64. Kb5 Ka8 65. Ka5 Ka7 66. Kb5
Ka8 67. Kb6 Kb8 68. a7+ Ka8 69. Ka6 1/2-1/2

[Event "Titled Tue 1st Jul Early"]
[Site "chess.com INT"]
[Date "2025.07.01"]
[Round "4"]
[White "Erten, Kerem"]
[Black "Ter-Sahakyan, Samvel"]
[Result "1-0"]
[WhiteTitle "FM"]
[BlackTitle "GM"]
[WhiteElo "2374"]
[BlackElo "2611"]
[WhiteFideId "34588221"]
[BlackFideId "13302531"]
[EventDate "2025.07.01"]

1. e4 e6 2. d4 d5 3. e5 c5 4. c3 Nc6 5. Nf3 Nge7 6. Na3 Nf5 7. Nc2 Qa5 8. dxc5
Qc7 9. Bf4 Bxc5 10. Bd3 O-O 11. b4 Bb6 12. a4 a5 13. b5 Nce7 14. g4 Ng6 15. gxf5
Nxf4 16. Qd2 Nxd3+ 17. Qxd3 exf5 18. Ncd4 Be6 19. Rg1 Rac8 20. Rc1 Qc4 21. Qd2
g6 22. h4 Qc7 23. h5 Bxd4 24. Qxd4 Qe7 25. hxg6 fxg6 26. Ng5 Rc4 27. Qd3 Rg4 28.
Rxg4 fxg4 29. Nxe6 Qxe6 30. Qd4 Re8 31. Kf1 Qxe5 32. Qxg4 Qe4 33. Qd7 Rf8 34.
Re1 Qh1+ 35. Ke2 Qf3+ 36. Kd2 Qxf2+ 37. Re2 Qf4+ 38. Kd1 Qxa4+ 39. Kd2 Qa2+ 40.
Ke3 Qc4 41. Qe6+ Rf7 42. Qe8+ Kg7 43. Qe5+ Kf8 44. Qh8+ Ke7 45. Kd2+ Kd6 46.
Qd8+ Rd7 47. Qb6+ Qc6 48. bxc6 bxc6 49. Qb8+ Kc5 50. Qf4 Kb5 51. Qd4 c5 52. Qf6
d4 53. cxd4 Rxd4+ 54. Kc3 Rc4+ 55. Kd2 Rd4+ 56. Ke1 a4 57. Rb2+ Kc4 58. Qe6+ Kc3
59. Rb1 a3 60. Qe3+ Rd3 61. Rc1+ Kb2 62. Qxd3 Kxc1 63. Qxa3+ 1-0

[Event "Titled Tue 1st Jul Early"]
[Site "chess.com INT"]
[Date "2025.07.01"]
[Round "4"]
[White "Negrean, Andrei"]
[Black "Deac, Bogdan-Daniel"]
[Result "1/2-1/2"]
[WhiteTitle "FM"]
[BlackTitle "GM"]
[WhiteElo "2352"]
[BlackElo "2674"]
[WhiteFideId "1291513"]
[BlackFideId "1226380"]
[EventDate "2025.07.01"]

1. d4 Nf6 2. Nc3 d5 3. Bf4 e6 4. e3 Bb4 5. Ne2 Nh5 6. Bg3 Nxg3 7. hxg3 Qe7 8. a3
Ba5 9. Nc1 c5 10. Nb3 Bb6 11. dxc5 Bxc5 12. Nxc5 Qxc5 13. Qg4 g6 14. Qf4 a6 15.
O-O-O Nd7 16. Rh6 b6 17. Qh4 Bb7 18. Rxh7 Rxh7 19. Qxh7 Qe7 20. Bd3 Nf8 21. Qg7
O-O-O 22. Qd4 Nd7 23. Na4 b5 24. Nb6+ Nxb6 25. Qxb6 Rh8 26. a4 Qc7 27. Qxc7+
Kxc7 28. axb5 a5 29. Kd2 Rh2 30. Ke2 e5 31. e4 dxe4 32. Bc4 f5 33. Bd5 f4 34.
Bxb7 Kxb7 35. gxf4 exf4 36. Rd4 Rxg2 37. Rxe4 g5 38. Kf3 Rg1 39. Re5 Kb6 40. c4
Rc1 41. Re6+ Kb7 42. Rc6 a4 43. c5 Rc2 44. Rb6+ Kc7 45. Rc6+ Kd7 46. Rd6+ Ke7
47. Ra6 Rxb2 48. Rxa4 Rxb5 49. Rc4 Rb2 50. c6 Kd8 51. Rc5 Kc7 52. Rxg5 Kxc6 53.
Rf5 Kd6 54. Rxf4 Ke5 55. Re4+ Kf5 56. Re3 Rb4 57. Kg3 Rg4+ 58. Kf3 Rb4 59. Ke2
Ra4 60. Rb3 Ra2+ 61. Kf3 Ra4 62. Rb5+ Kf6 63. Kg3 Rc4 64. f4 Rc1 65. Rb6+ Kf5
66. Rb5+ Kf6 67. Rb6+ Kf5 68. Rb5+ Kf6 1/2-1/2

[Event "Titled Tue 1st Jul Early"]
[Site "chess.com INT"]
[Date "2025.07.01"]
[Round "4"]
[White "Roebers, Jan"]
[Black "Fernandez Estremera, Fernando"]
[Result "0-1"]
[WhiteTitle "FM"]
[BlackTitle "CM"]
[WhiteElo "2030"]
[BlackElo "2160"]
[WhiteFideId "1007815"]
[BlackFideId "24520152"]
[EventDate "2025.07.01"]

1. e4 b6 2. d4 Bb7 3. Nc3 e6 4. Bd3 Nf6 5. Nge2 c5 6. O-O cxd4 7. Nxd4 d6 8. f4
Be7 9. Bb5+ Nbd7 10. f5 e5 11. Nc6 Bxc6 12. Bxc6 Rc8 13. Bd5 O-O 14. Be3 Qc7 15.
Qf3 b5 16. a3 a5 17. Rf2 b4 18. Nb5 Qb8 19. Na7 Nxd5 20. Nxc8 Rxc8 21. exd5 bxa3
22. Rxa3 Qxb2 23. Rxa5 Nf6 24. c4 Qb1+ 25. Rf1 Qd3 26. Ra7 Bd8 27. Rc1 Qb3 28.
Bf2 Qb2 29. Qc3 Qe2 30. c5 Ne4 31. Qe3 Qxe3 32. Bxe3 dxc5 33. d6 Nxd6 34. Rxc5
Rxc5 35. Bxc5 Nxf5 36. Ra8 g6 37. Rxd8+ Kg7 38. Be7 Nxe7 39. Rd7 Nf5 40. Kf1 Kf6
41. Kf2 Nd4 42. Ra7 Ne6 43. g3 h5 44. h4 Nd4 45. Ke3 Ke6 46. Kf2 Nf5 47. Ra6+
Nd6 48. Rb6 Kd5 49. Ra6 Nf5 50. Ra7 Ke6 51. Ra6+ Ke7 52. Ra7+ Kf6 53. Ra6+ Kg7
54. Ra7 Nd6 55. Ra6 Ne4+ 56. Kf3 Nc5 57. Ra5 Nd7 58. Rd5 e4+ 59. Ke3 Nf6 60. Ra5
Kf8 61. Ra7 Ke8 62. Kf4 Kf8 63. Ke5 Kg7 64. Ra6 e3 0-1

[Event "Titled Tue 1st Jul Early"]
[Site "chess.com INT"]
[Date "2025.07.01"]
[Round "4"]
[White "Kiremitciyan, Ari"]
[Black "Harriott, Tyrell"]
[Result "1-0"]
[WhiteTitle "FM"]
[WhiteElo "2271"]
[BlackElo "1933"]
[WhiteFideId "6373445"]
[BlackFideId "2086484"]
[EventDate "2025.07.01"]

1. e4 d5 2. exd5 Nf6 3. h3 Qxd5 4. Nf3 Nc6 5. Nc3 Qh5 6. d3 Bg4 7. Be2 O-O-O 8.
Be3 e5 9. Rg1 Bd7 10. a3 e4 11. Ng5 Qg6 12. Ngxe4 Be7 13. Qd2 Kb8 14. O-O-O Bf5
15. Nxf6 Bxf6 16. g4 Be6 17. f4 Bc8 18. f5 Bxc3 19. Qxc3 Qf6 20. Qxf6 gxf6 21.
Bh6 Rhe8 22. Rge1 Nd4 23. Bf1 Nf3 24. Rxe8 Rxe8 25. Bg7 b6 26. Bxf6 Bb7 27. Bg2
Re2 28. Bxf3 Bxf3 29. Rg1 Kb7 30. Rg3 Bc6 31. b3 a5 32. a4 Kc8 33. Bg5 Kd7 34.
Re3 Rxe3 35. Bxe3 Bg2 36. g5 Bxh3 37. f6 Ke6 38. Kd2 Kf5 39. c4 Kg4 40. Kc3 Bf1
41. Bd2 Kf3 42. d4 Ke4 43. d5 Be2 44. Bc1 Bd1 45. Bd2 Kf3 46. Bc1 Be2 47. Bd2
Bd1 48. Bc1 Ke2 49. Bf4 Kf3 50. Bxc7 Kg4 51. Bxb6 Kxg5 52. Bxa5 Kxf6 53. Bc7 Ke7
54. a5 Kd7 55. Bf4 Bf3 56. b4 Kc8 57. b5 Kb7 58. Kb4 h5 59. a6+ Ka7 60. Be3+ Ka8
61. b6 Bxd5 62. cxd5 Kb8 63. b7 h4 64. Bf4+ Ka7 65. b8=Q+ Kxa6 66. Qb5+ Ka7 67.
Bc7 h3 68. Qb6+ 1-0

[Event "Titled Tue 1st Jul Early"]
[Site "chess.com INT"]
[Date "2025.07.01"]
[Round "4"]
[White "Bok, Benjamin"]
[Black "Klukin, Kirill"]
[Result "1-0"]
[WhiteTitle "GM"]
[BlackTitle "IM"]
[WhiteElo "2593"]
[BlackElo "2401"]
[WhiteFideId "1017063"]
[BlackFideId "24199273"]
[EventDate "2025.07.01"]

1. d4 e6 2. c4 f5 3. g3 Nf6 4. Bg2 c6 5. Nd2 d5 6. Nh3 Bd6 7. O-O O-O 8. Qc2 Qe7
9. Nf3 b6 10. Bf4 Bb7 11. Rac1 Nbd7 12. Bxd6 Qxd6 13. Nf4 Rac8 14. Rfd1 Ne4 15.
e3 Qe7 16. b3 g5 17. Nd3 c5 18. Qb2 dxc4 19. bxc4 cxd4 20. exd4 g4 21. Nfe5 Nxe5
22. Nxe5 Rfd8 23. a4 Ng5 24. d5 exd5 25. cxd5 Rxc1 26. Qxc1 Qf6 27. Nc6 Rd7 28.
Nxa7 Kg7 29. Nb5 h5 30. Nc7 Kg6 31. Qc4 Qd6 32. Nb5 Qe5 33. Qd4 Qxd4 34. Rxd4
Kf6 35. d6 Bxg2 36. Kxg2 Nf7 37. f4 Ke6 38. Nc7+ Kf6 39. Ne8+ Ke6 40. Nc7+ Kf6
41. Nd5+ Ke6 42. Nxb6 Rxd6 43. Rxd6+ Nxd6 44. a5 Nb5 45. a6 Kd6 46. Nc4+ Kd5 47.
Ne5 Kd6 48. Ng6 Ke6 49. Kf2 Na7 50. Ke3 Nc6 51. Nh4 Kf6 52. Kd2 Ke6 53. Kc3 Na7
54. Kc4 Nc8 55. Kc5 Na7 56. Kb6 Nc8+ 57. Kc7 Nd6 58. Kc6 Nc8 59. Ng6 Kf6 60. Ne5
Na7+ 61. Kc5 Ke6 62. Nc4 Kd7 63. Ne3 Ke6 64. Nc2 Kf6 65. Nd4 Kg6 66. Kb6 Nc8+
67. Kb7 Nd6+ 68. Kc6 Nc8 69. Nb5 h4 70. Kc7 Ne7 71. a7 Nd5+ 72. Kc6 Nb4+ 73. Kb7
hxg3 74. hxg3 1-0

[Event "Titled Tue 1st Jul Early"]
[Site "chess.com INT"]
[Date "2025.07.01"]
[Round "4"]
[White "Smirnov, Mark"]
[Black "Storey, Charles H"]
[Result "1-0"]
[WhiteTitle "FM"]
[BlackTitle "FM"]
[WhiteElo "2352"]
[BlackElo "2102"]
[WhiteFideId "13764594"]
[BlackFideId "406686"]
[EventDate "2025.07.01"]

1. Nc3 g6 2. e4 Bg7 3. d4 c5 4. Nf3 cxd4 5. Nxd4 Nc6 6. Be3 d6 7. Bc4 Nf6 8. f3
O-O 9. Qd2 Bd7 10. O-O-O Rc8 11. Bb3 Nxd4 12. Bxd4 b5 13. h4 a5 14. a4 bxa4 15.
Nxa4 Bxa4 16. Bxa4 Rc4 17. Bb3 Nxe4 18. Qe3 Bxd4 19. Rxd4 Rxd4 20. Qxd4 Nc5 21.
Bc4 Qb6 22. Kb1 Na4 23. Bxf7+ Kxf7 24. Qxa4 Rb8 25. Qa2+ Kg7 26. h5 gxh5 27. b3
e5 28. Qa3 Qb4 29. Qc1 Qf4 30. Qxf4 exf4 31. Rxh5 a4 32. Kb2 axb3 33. cxb3 Kg6
34. Rd5 h5 35. Kc3 Kh6 36. b4 Rg8 37. b5 Rxg2 38. b6 Rg8 39. Kd4 h4 40. Ke4 h3
41. Rxd6+ Kh5 42. Rd7 Kh4 43. Kxf4 Rf8+ 44. Ke3 Kg3 45. Rg7+ Kh2 46. b7 Kh1 47.
f4 h2 48. Rh7 Kg1 49. Rg7+ Kh1 50. f5 Re8+ 51. Kf4 Re4+ 52. Kg5 Rb4 53. f6 Kg2
54. Kf5+ Kf3 55. Rh7 Rb5+ 56. Kg6 Kg2 57. f7 Rb6+ 58. Kg5 Rb5+ 59. Kf4 Rb4+ 60.
Ke3 Rb3+ 61. Kd2 Rxb7 62. f8=Q 1-0

[Event "Titled Tue 1st Jul Early"]
[Site "chess.com INT"]
[Date "2025.07.01"]
[Round "4"]
[White "Sydoryka, Vladyslav"]
[Black "Gazineu Neto, Rubens"]
[Result "0-1"]
[WhiteTitle "FM"]
[WhiteElo "2246"]
[BlackElo "1960"]
[WhiteFideId "14145928"]
[BlackFideId "2174685"]
[EventDate "2025.07.01"]

1. c4 c5 2. g3 Nf6 3. Bg2 Nc6 4. Nc3 g6 5. Nf3 Bg7 6. d4 Nxd4 7. Nxd4 cxd4 8.
Qxd4 O-O 9. O-O a6 10. Qd3 d6 11. Rd1 Qc7 12. Bf4 Bf5 13. e4 Bg4 14. Re1 Rac8
15. Bf1 Be6 16. Nd5 Nxd5 17. exd5 Bf5 18. Qe2 Rfe8 19. Rac1 Qa5 20. b3 Bc3 21.
Red1 Bf6 22. h4 h5 23. Qd2 Qxd2 24. Bxd2 Bb2 25. Be3 Bxc1 26. Rxc1 b5 27. cxb5
Rxc1 28. Bxc1 axb5 29. Bxb5 Rc8 30. Be3 Rc2 31. a4 Be4 32. Kf1 Bxd5 33. a5 Bxb3
34. Kg2 Bd5+ 35. Kh3 Rb2 36. Bd7 Rb1 37. g4 hxg4+ 38. Kxg4 Ra1 39. Bb6 Be6+ 40.
Kf4 Bxd7 41. Ke4 Bc6+ 42. Kd4 e5+ 43. Kc4 f5 44. Bc7 d5+ 45. Kc5 Ba8 46. Kb6 d4
47. Bxe5 d3 48. Bxa1 d2 49. Ka7 Be4 50. Bc3 d1=Q 51. Be5 Qa4 52. Bc7 Qd7 53. Kb6
Qc8 54. a6 Ba8 55. h5 gxh5 56. f3 Kf7 57. f4 Ke6 58. Be5 h4 59. a7 h3 60. Kb5 h2
61. Kb4 Qb7+ 62. Kc5 Qxa7+ 63. Kc4 h1=Q 64. Kc3 Qc1+ 65. Kd3 Qae3# 0-1

[Event "Titled Tue 1st Jul Early"]
[Site "chess.com INT"]
[Date "2025.07.01"]
[Round "4"]
[White "Reshetnikov, Alexey"]
[Black "Svane, Frederik"]
[Result "1/2-1/2"]
[WhiteTitle "IM"]
[BlackTitle "GM"]
[WhiteElo "2492"]
[BlackElo "2659"]
[WhiteFideId "4162080"]
[BlackFideId "12923044"]
[EventDate "2025.07.01"]

1. d4 Nf6 2. c4 e6 3. Nc3 d5 4. Bg5 Nbd7 5. e3 Be7 6. Nf3 O-O 7. cxd5 exd5 8.
Bd3 c6 9. O-O Re8 10. Qc2 Ne4 11. Bf4 Ndf6 12. h3 Bd6 13. Bxd6 Nxd6 14. Ne5 g6
15. b4 Bf5 16. Bxf5 Nxf5 17. Rab1 a5 18. bxa5 Nd6 19. Na4 Nfe4 20. f3 Ng3 21.
Rfe1 Qxa5 22. Nc5 Re7 23. a4 Rae8 24. Qf2 Nh5 25. Re2 Nf6 26. Reb2 Qa7 27. Qh4
Kg7 28. Kh2 h6 29. Qg3 Nf5 30. Qf2 Nd6 31. Qg3 Nh5 32. Nxc6 Nxg3 33. Nxa7 Ngf5
34. Nb5 Nc4 35. Re2 b6 36. Nd3 Rxe3 37. Rxe3 Rxe3 38. Nf4 g5 39. Nxd5 Re2 40.
Nbc3 Rc2 41. Nd1 Rd2 42. Kg1 Nxd4 43. Kf1 Nf5 44. N5c3 Nce3+ 45. Nxe3 Nxe3+ 46.
Ke1 Rxg2 47. Rxb6 Rg3 48. Ke2 Nc4 49. Kf2 Rxh3 50. Rc6 Ne5 51. Rc5 Rxf3+ 52. Kg2
Re3 53. a5 Nd3 54. Rc7 Re6 55. Nb5 Ra6 56. Ra7 Rxa7 57. Nxa7 Nc5 58. Nc8 f5 59.
Nb6 Kf6 60. Nd5+ Ke5 61. Nb4 Kd6 62. a6 Kc7 63. Nd5+ Kc6 64. Ne7+ Kb6 65. Nxf5
h5 66. Ng7 h4 67. Kh3 Kxa6 68. Kg4 Ne4 69. Nf5 Nf2+ 70. Kf3 Nh3 71. Nxh4 gxh4
72. Kg4 Ng5 73. Kxh4 1/2-1/2

[Event "Titled Tue 1st Jul Early"]
[Site "chess.com INT"]
[Date "2025.07.01"]
[Round "4"]
[White "Martin Fuentes, Alberto"]
[Black "Alikulov, Elbek"]
[Result "0-1"]
[WhiteTitle "FM"]
[BlackTitle "IM"]
[WhiteElo "2376"]
[BlackElo "2305"]
[WhiteFideId "2292289"]
[BlackFideId "14203308"]
[EventDate "2025.07.01"]

1. e4 e6 2. d4 d5 3. Nc3 Bb4 4. Ne2 dxe4 5. a3 Be7 6. Nxe4 Nf6 7. Nxf6+ Bxf6 8.
g3 Bd7 9. d5 exd5 10. Qxd5 Bc6 11. Qxd8+ Bxd8 12. Rg1 Bf6 13. c3 O-O 14. Be3 Nd7
15. O-O-O Ne5 16. Nd4 Nf3 17. Nxf3 Bxf3 18. Rd7 Be5 19. Bd4 Bxd4 20. Rxd4 Rfd8
21. Rxd8+ Rxd8 22. Bc4 Kf8 23. Re1 c6 24. Re3 Bh5 25. h4 Rd1+ 26. Kc2 Rh1 27.
Kd2 Rd1+ 28. Kc2 Rh1 29. Re5 Bg6+ 30. Kd2 Rb1 31. b4 Rb2+ 32. Ke1 Rc2 33. Re3
Rc1+ 34. Ke2 Ra1 35. g4 f6 36. h5 Bf7 37. Bxf7 Kxf7 38. c4 Ra2+ 39. Kf3 b6 40.
Kg3 Rc2 41. Rd3 a5 42. Rd7+ Kf8 43. c5 bxc5 44. bxa5 Rc3+ 45. f3 Rxa3 46. Ra7 h6
47. Kf4 Kg8 48. Kf5 Kh7 49. Kf4 c4 50. Rc7 Rxa5 51. Rxc6 Ra4 52. Kf5 Ra3 53. f4
c3 54. Ke4 Ra4+ 55. Kf5 Ra3 56. Ke4 Kg8 57. Kf5 Kf7 58. Rc7+ Kf8 59. Kg6 Ra4 60.
Rxg7 Rc4 61. Rf7+ Ke8 62. Ra7 c2 63. Ra1 c1=Q 64. Rxc1 Rxc1 65. Kxh6 Kf7 66. g5
fxg5 67. fxg5 Kg8 68. g6 Rc6 69. Kg5 Rc5+ 70. Kh6 Ra5 71. g7 Ra6+ 72. Kg5 Kxg7
73. h6+ 0-1

[Event "Titled Tue 1st Jul Early"]
[Site "chess.com INT"]
[Date "2025.07.01"]
[Round "4"]
[White "Shinkarev, Mikhailo"]
[Black "Keneshbekov, Elim"]
[Result "1/2-1/2"]
[WhiteTitle "IM"]
[BlackTitle "CM"]
[WhiteElo "2109"]
[BlackElo "1892"]
[WhiteFideId "4145348"]
[BlackFideId "13816772"]
[EventDate "2025.07.01"]

1. c4 Nf6 2. g3 g6 3. Bg2 Bg7 4. Nc3 O-O 5. d4 d6 6. e3 e5 7. Nge2 Nc6 8. h3 a6
9. O-O Rb8 10. a4 Nd7 11. a5 f5 12. b3 e4 13. f3 exf3 14. Bxf3 Re8 15. Nf4 Nf6
16. Ncd5 Nxd5 17. Bxd5+ Kh8 18. Bd2 Qg5 19. Kh2 Bd7 20. b4 Ne7 21. Bg2 Ng8 22.
Nd5 Qd8 23. Qf3 Nf6 24. Nxf6 Qxf6 25. Rac1 Bc6 26. d5 Bd7 27. Bc3 Qg5 28. Qf4
Qxf4 29. exf4 Re2 30. Kg1 Rbe8 31. Bxg7+ Kxg7 32. Bf3 Rb2 33. Rb1 Ra2 34. Ra1
Rxa1 35. Rxa1 Re3 36. Kf2 Rb3 37. c5 Rxb4 38. cxd6 cxd6 39. Rc1 Rb2+ 40. Ke3
Rb3+ 41. Kf2 Kf6 42. Rc7 Ke7 43. g4 Kd8 44. Rc2 Ra3 45. Rb2 Bb5 46. gxf5 gxf5
47. Rb1 Ra2+ 48. Ke3 Ra3+ 49. Kf2 Rxa5 50. Rg1 Ra2+ 51. Ke3 Ra3+ 52. Kf2 Rc3 53.
Rg7 a5 54. Rxb7 Rb3 55. Rxh7 a4 56. Ra7 a3 57. h4 Rb2+ 58. Ke3 a2 59. h5 Bc4 60.
h6 Rh2 61. Kd4 Bb3 62. Kc3 Rxh6 63. Kxb3 Rh3 64. Rxa2 Rxf3+ 65. Kc4 Rxf4+ 66.
Kb5 Ke7 67. Ra7+ Kf6 68. Kc6 Ke5 69. Re7+ Kd4 70. Kxd6 Rh4 71. Re6 f4 72. Rf6
Ke4 73. Ke6 f3 74. d6 Rh1 75. d7 Rd1 76. Ke7 Rxd7+ 77. Kxd7 Ke3 78. Re6+ Kf2 79.
Rf6 Kg2 80. Rg6+ Kf1 81. Kd6 f2 82. Kd5 Ke1 83. Re6+ Kd1 84. Rf6 Ke2 85. Re6+
Kd2 86. Rf6 Ke2 87. Ke4 f1=Q 88. Rxf1 Kxf1 1/2-1/2

[Event "Titled Tue 1st Jul Early"]
[Site "chess.com INT"]
[Date "2025.07.01"]
[Round "4"]
[White "Zozek Salah Mohammed"]
[Black "Lebedev, Artem S."]
[Result "1/2-1/2"]
[WhiteTitle "FM"]
[BlackTitle "CM"]
[WhiteElo "2205"]
[BlackElo "2198"]
[WhiteFideId "4803361"]
[BlackFideId "34272747"]
[EventDate "2025.07.01"]

1. d4 Nf6 2. Nf3 d5 3. g3 e6 4. Bg2 Be7 5. O-O O-O 6. c4 a5 7. Nc3 c6 8. Bf4
dxc4 9. Ne5 Nd5 10. Nxc4 Nxf4 11. gxf4 Nd7 12. e3 Nb6 13. Ne5 Bd6 14. Kh1 Nd5
15. Ne4 Bc7 16. Rg1 f6 17. Nd3 b6 18. Qf3 e5 19. dxe5 fxe5 20. Nc3 Nxc3 21. Qxc6
Ne2 22. Qxa8 Nxg1 23. Qd5+ Qxd5 24. Bxd5+ Kh8 25. Rxg1 exf4 26. Rc1 Ba6 27. Rxc7
Bxd3 28. exf4 h6 29. Bf7 Rd8 30. Kg2 Rd6 31. Kf3 Bf5 32. Rc3 g6 33. Bc4 Kg7 34.
Ke3 Kf6 35. Bd3 Re6+ 36. Kf3 Rd6 37. Bxf5 Kxf5 38. Rb3 Rc6 39. Rb5+ Kf6 40. h4
Rd6 41. h5 gxh5 42. Rxh5 Kg6 43. Rb5 Kf6 44. Kg4 Rc6 45. Rh5 Kf7 46. Rf5+ Kg6
47. Rb5 Kf6 48. f3 Kf7 49. Kh5 Rc5+ 50. Rxc5 bxc5 51. Kxh6 Kf6 52. Kh7 a4 53.
Kg8 c4 54. a3 Kf5 55. Kf7 Kxf4 56. Ke6 Ke3 57. f4 Kd3 58. f5 Kc2 59. f6 Kxb2 60.
f7 c3 61. f8=Q c2 62. Qb4+ Ka2 63. Qc4+ Kb2 64. Qb4+ Ka2 65. Qc3 Kb1 66. Qd3 Ka1
67. Qd2 Kb1 68. Qb4+ Ka2 1/2-1/2

[Event "Titled Tue 1st Jul Early"]
[Site "chess.com INT"]
[Date "2025.07.01"]
[Round "4"]
[White "Grebeniuk, Semen"]
[Black "Porozhnyak, Maya"]
[Result "0-1"]
[BlackTitle "WCM"]
[WhiteElo "2324"]
[BlackElo "1953"]
[WhiteFideId "14117509"]
[BlackFideId "34115843"]
[EventDate "2025.07.01"]

1. d4 c5 2. e3 g6 3. Nf3 Bg7 4. g3 b6 5. Bg2 Bb7 6. O-O d6 7. b3 Nd7 8. Bb2 Ngf6
9. Nbd2 O-O 10. dxc5 Nxc5 11. c4 Qc7 12. Qe2 Rfd8 13. Rfd1 Rac8 14. Nd4 Bxg2 15.
Kxg2 a6 16. Rac1 Qb7+ 17. f3 Ng4 18. e4 Ne5 19. Nf1 Nc6 20. Ne3 e6 21. Rc2 Nb4
22. Rcd2 Nxa2 23. Ba3 Nc3 24. Qe1 Nxd1 25. Qxd1 b5 26. cxb5 axb5 27. Bb4 Na6 28.
Ba5 Rd7 29. b4 Rc3 30. Ng4 h5 31. Nf2 Rc4 32. Ne2 Nxb4 33. Rxd6 Rxd6 34. Qxd6
Nc6 35. Bd2 Rc2 36. Qd3 Rc4 37. Nd1 Ne5 38. Qd8+ Kh7 39. Ne3 Ra4 40. Nc1 Qd7 41.
Qxd7 Nxd7 42. Kf2 Ra1 43. Ke2 Ra8 44. Nb3 Rb8 45. Kd3 b4 46. Kc4 Bc3 47. Bxc3
bxc3 48. Kxc3 Nb6 49. Nd4 Kg7 50. f4 Rc8+ 51. Kd3 Na4 52. Nd1 Nc5+ 53. Ke3 Ra8
54. Nb5 Ra5 55. Ndc3 Ra1 56. Kd4 Nd7 57. Ke3 Rh1 58. h4 Rg1 59. Kf2 Rc1 60. Ke3
Nc5 61. e5 Rg1 62. Kf2 Ra1 63. Ke3 Nb3 64. Kf3 Rc1 65. Ke2 Nd4+ 66. Kd2 Nxb5 67.
Nxb5 Rg1 68. Nd4 Rxg3 69. Ke2 Rg4 70. Kf3 Rxh4 71. Ne2 Rh3+ 72. Kg2 Ra3 73. Nd4
Ra4 74. Nf3 Rxf4 75. Nd4 Rxd4 0-1

[Event "Titled Tue 1st Jul Early"]
[Site "chess.com INT"]
[Date "2025.07.01"]
[Round "4"]
[White "McDonald, Jhustice-Dimonte"]
[Black "Gutman, Gennadi"]
[Result "0-1"]
[WhiteTitle "CM"]
[BlackTitle "GM"]
[WhiteElo "2041"]
[BlackElo "2445"]
[WhiteFideId "7402481"]
[BlackFideId "14102277"]
[EventDate "2025.07.01"]

1. b3 e5 2. Bb2 Nc6 3. c4 Nf6 4. e3 a6 5. Nf3 d6 6. d4 Bg4 7. d5 Ne7 8. Be2 Ng6
9. Nbd2 Be7 10. O-O Qd7 11. Ng5 Bxe2 12. Qxe2 h6 13. Nge4 Nxe4 14. Nxe4 O-O 15.
f4 f5 16. Ng3 exf4 17. exf4 Rae8 18. Qh5 Nh8 19. Rae1 Bf6 20. Rxe8 Qxe8 21. Bxf6
Qe3+ 22. Kh1 Rxf6 23. Nxf5 Qd3 24. Ne7+ Kh7 25. Re1 Rxf4 26. Qd1 Qxd1 27. Rxd1
Rf2 28. Kg1 Rxa2 29. Rd3 Re2 30. Nf5 Ng6 31. Nd4 Re4 32. Ne6 c6 33. Nd8 cxd5 34.
Rxd5 Nf4 35. Rd2 Ne2+ 36. Kf2 Nd4 37. Nxb7 Nxb3 38. Rxd6 Rxc4 39. Rxa6 Rc2+ 40.
Kg3 Nd4 41. Ra7 Nf5+ 42. Kf3 Nh4+ 43. Kg3 Nxg2 44. Nd6 Ne1 45. Nf5 Rg2+ 46. Kh3
Rg6 47. Nh4 Rf6 48. Ng2 Nd3 49. Nh4 Nf2+ 50. Kg3 Ne4+ 51. Kg2 Rf2+ 52. Kg1 Rb2
53. Nf5 Rb1+ 54. Kg2 Rb2+ 55. Kf3 Ng5+ 56. Kg4 Rb4+ 57. Kh5 Rb5 58. Rxg7+ Kh8
59. Nxh6 Ne6+ 60. Kg6 Nxg7 61. Nf7+ Kg8 62. Nh6+ Kf8 63. Nf5 Rb6+ 64. Kg5 Rb5
65. Kg6 Rxf5 66. h4 Rh5 67. Kf6 Rxh4 68. Kg6 Ra4 69. Kf6 Nf5 70. Kg6 Ne7+ 0-1

[Event "Titled Tue 1st Jul Early"]
[Site "chess.com INT"]
[Date "2025.07.01"]
[Round "4"]
[White "Mahdavi, Reza"]
[Black "Ivannikov, Maksim"]
[Result "1/2-1/2"]
[WhiteTitle "IM"]
[BlackTitle "CM"]
[WhiteElo "2454"]
[BlackElo "2184"]
[WhiteFideId "12595926"]
[BlackFideId "34275339"]
[EventDate "2025.07.01"]

1. e4 e5 2. Nf3 Nc6 3. Nc3 Nf6 4. Nd5 Bc5 5. c3 O-O 6. d3 Nxd5 7. exd5 Ne7 8.
Nxe5 Nxd5 9. d4 Bb6 10. Qf3 Ne7 11. Bd3 d6 12. Nc4 Ng6 13. O-O c6 14. Qh5 Bc7
15. Bg5 Qd7 16. h3 d5 17. Ne5 Qe8 18. Rae1 Be6 19. Ng4 Qd7 20. Ne5 Bxe5 21. dxe5
Bf5 22. Qf3 Bxd3 23. Qxd3 Rae8 24. f4 h6 25. e6 Rxe6 26. Rxe6 Qxe6 27. f5 Qe4
28. Qxe4 dxe4 29. Be3 Ne5 30. f6 Nc4 31. Bc1 Rd8 32. b3 Ne5 33. fxg7 Kxg7 34.
Be3 Kg6 35. Bd4 Nd7 36. Rf4 Re8 37. Kf2 c5 38. Be3 Ne5 39. Ke2 f5 40. g4 fxg4
41. hxg4 Nd3 42. Rf1 b6 43. Rh1 Rh8 44. Rh5 Rh7 45. a3 a5 46. Rd5 Rf7 47. Rd6+
Rf6 48. Rxf6+ Kxf6 49. Bxh6 Ne5 50. Bf4 Nxg4 51. Bc7 b5 52. Bxa5 Ke5 53. Bb6 Kd5
54. a4 bxa4 55. bxa4 Kc6 56. Ba7 Nf6 57. c4 Ng4 58. a5 Ne5 59. Ke3 Nxc4+ 60.
Kxe4 Nd6+ 61. Kd3 c4+ 62. Kd4 Kb5 63. Bb6 Nf5+ 64. Kc3 Ne7 65. Bd8 Nd5+ 66. Kd4
Nb4 67. Kc3 Nc6 68. Bc7 Ne7 69. Kd4 Nf5+ 70. Kc3 Ne3 71. Kd4 Nc2+ 72. Kc3 Nb4
73. Kd4 Na6 74. Bd8 Nb8 75. Kc3 Nc6 76. a6 Kxa6 77. Kxc4 1/2-1/2

[Event "Titled Tue 1st Jul Early"]
[Site "chess.com INT"]
[Date "2025.07.01"]
[Round "4"]
[White "Moroni, Luca Jr"]
[Black "Drygalov, Sergey"]
[Result "1-0"]
[WhiteTitle "GM"]
[BlackTitle "GM"]
[WhiteElo "2549"]
[BlackElo "2560"]
[WhiteFideId "865834"]
[BlackFideId "24171743"]
[EventDate "2025.07.01"]

1. c4 e5 2. Nc3 Nf6 3. e3 Bb4 4. Nge2 O-O 5. a3 Be7 6. d4 d6 7. Ng3 Re8 8. Be2
Bf8 9. b4 a5 10. b5 c6 11. Bb2 Nbd7 12. Bf3 exd4 13. Qxd4 Ne5 14. Be2 Be6 15.
O-O c5 16. Qf4 h6 17. Nce4 Nfd7 18. Nh5 Ng6 19. Qg3 d5 20. cxd5 Bxd5 21. Nc3 Be6
22. f4 Bf5 23. e4 Bxe4 24. Nxe4 Rxe4 25. Bd3 Re8 26. Rad1 Qh4 27. Bxg6 Qxg3 28.
Nxg3 Nb6 29. Be4 Nc4 30. Bc1 Rab8 31. Rfe1 g6 32. f5 g5 33. f6 Nd6 34. a4 c4 35.
Bd5 Rbd8 36. Ba3 Rxe1+ 37. Rxe1 c3 38. Bxd6 Bxd6 39. Bb3 Bf4 40. Ne4 Rc8 41. Bc2
Rc4 42. g3 Be5 43. Rd1 Rb4 44. Rb1 Rd4 45. Kf1 Rd5 46. Ke2 Rd8 47. Rd1 Rc8 48.
Rd5 Bb8 49. Rd7 b6 50. Rb7 Be5 51. Kd3 Rd8+ 52. Ke2 Rd4 53. Rxb6 Rb4 54. Ra6 Rb2
55. Kd3 Kh7 56. Rxa5 Kg6 57. Ra8 Ra2 58. b6 Rb2 59. a5 Kf5 60. Nxc3 Kg4 61. Re8
Bxf6 62. Ne4 Bg7 63. Rb8 f5 64. Nf2+ Kf3 65. a6 Kxf2 66. a7 Ra2 67. a8=Q Rxa8
68. Rxa8 f4 69. gxf4 gxf4 70. Bd1 Ke1 71. Bh5 Be5 72. b7 1-0